Trade, globalization and poverty (Record no. 6409)

MARC details
000 -LEADER
fixed length control field 00423nam a2200169Ia 4500
020 ## - INTERNATIONAL STANDARD BOOK NUMBER
ISBN 9780415773225
082 ## - DEWEY DECIMAL CLASSIFICATION NUMBER
Classification number 382 TRA-
245 #0 - TITLE STATEMENT
Title Trade, globalization and poverty
260 ## - PUBLICATION, DISTRIBUTION, ETC. (IMPRINT)
Place of publication London
Name of publisher Routledge
Year of publication 2008
300 ## - PHYSICAL DESCRIPTION
Number of Pages xiv, 268
504 ## - BIBLIOGRAPHY, ETC. NOTE
Bibliography, etc includes bibliography and index
650 ## - SUBJECT ADDED ENTRY--TOPICAL TERM
Topical Term Globalisation
650 ## - SUBJECT ADDED ENTRY--TOPICAL TERM
Topical Term Poverty
650 ## - SUBJECT ADDED ENTRY--TOPICAL TERM
Topical Term International trade
700 ## - ADDED ENTRY--PERSONAL NAME
Personal name Elias Dinopoulos...[et al.]
942 ## - ADDED ENTRY ELEMENTS (KOHA)
Koha item type Books
Holdings
Withdrawn status Lost status Damaged status Not for loan Home library Current library Date acquired Source of acquisition Bill Date Full call number Accession Number Price effective from Koha item type
        NASSDOC Library NASSDOC Library 11/02/2009 BSB 2008-12-30 382 TRA- 45054 18/04/2019 Books